000 00683nam a2200253Ia 4500
003 OSt
005 20220912150621.0
006 a|||||r|||| 00| 0
007 ta
008 220909b |||||||| |||| 00| 0 eng d
024 _a58522
037 _cTextual
040 _aCSL
_beng
_cCSL
041 _aeng
082 _aY13, N0
100 _aBond John Ed.
245 0 _aAgeing in society: an introduction to social gerontology
260 _aLondon
_bSage Publisher
_c1990
300 _axiiii,332p.
_ccm.
650 _aAnthropology
700 _a Coleman Peter Ed.
942 _hY13, N0
_cTEXL
_2CC
999 _c51090
_d51090